Ley y reglamento en el derecho público occidental / Alfredo Gallego Anabitarte ; prólogo de José Luis Villar Palasí
Descripción Física:
XCVIII, 374 p. ; 22 cm
Otros Autores:
Villar i Palasí, Josep Lluís, 1922-2012
MARC
| LEADER | 00000nam a2200000Ia 4500 | ||
|---|---|---|---|
| 001 | 14229 | ||
| 003 | BGR | ||
| 005 | 20260324175602.0 | ||
| 008 | 160829s1971 xx 000 0 cat d | ||
| 080 | |a D-2-118 | ||
| 100 | |a Gallego Anabitarte, Alfredo |9 24596 | ||
| 245 | |a Ley y reglamento en el derecho público occidental / Alfredo Gallego Anabitarte ; prólogo de José Luis Villar Palasí | ||
| 260 | |a Madrid : |b Instituto de Estudios Administrativos, |c 1971 | ||
| 300 | |a XCVIII, 374 p. ; |c 22 cm | ||
| 490 | |a Publicaciones de la Escuela Nacional de Administración Pública ; 6 | ||
| 590 | |a Notes, referències bibliogràfiques, bibliografia | ||
| 650 | |a Dret públic |x Europa |9 34157 | ||
| 650 | |a Lleis |x Europa |9 34158 | ||
| 700 | 1 | |a Villar i Palasí, Josep Lluís, |d 1922-2012 |e autor del pròleg |9 30750 | |
| 710 | 2 | |a Instituto de Estudios Administrativos (Madrid) |9 71146 | |
| 901 | |a Arxiu | ||
| 942 | |n 1 |2 udc |c MON | ||
| 952 | |0 0 |1 0 |4 0 |6 D2118 |7 1 |9 46401 |a Arxiu |b Arxiu |d 2016-12-01 |l 0 |o D-2-118 |p 14229 |r 2016-12-01 00:00:00 |w 2016-12-01 |y ARXIU | ||
| 999 | |c 50186 |d 50186 | ||